000
00447nam a2200181Ia 4500
008
090124s9999 xx 000 0 und d
082
_b
119198
100
_a
सोनार अनिल
245
_a
काटशह
250
_a
1
260
_c
1982
300
_a
168
600
_a
सोनार अनिल
630
_a
काटशह
700
_a
सोनार अनिल
730
_a
काटशह
942
_c
BOOK
999
_c
165284
_d
165284